|
|
|
|
| LEADER |
00000nab a2200000ua 4500 |
| 001 |
vtls010742411 |
| 003 |
SK-MaSNL |
| 005 |
20260426093544.0 |
| 008 |
250718s1977 xo |||||||||||||||||slo| |
| 035 |
|
|
|a (urnnbn)urn:nbn:sk:snk:ar-a00m0y
|
| 035 |
|
|
|a (uuid)80130378-a4cb-4f57-a47a-6c97f8933c24
|
| 035 |
|
|
|a urn:nbn:sk:snk-ab4abb
|
| 040 |
|
|
|a SNKBUCL
|b slo
|c SNKBUCL
|e AACR2
|
| 041 |
0 |
|
|a slo
|
| 044 |
|
|
|a xo
|c SK
|
| 100 |
1 |
|
|a Bojtár, Štefan
|4 aut
|9 5255
|
| 245 |
1 |
0 |
|a Príprava robotníckeho dorastu na stredoškolskej úrovni
|c Štefan Bojtár
|
| 650 |
0 |
7 |
|a profesijná príprava
|2 SNKPH
|9 4253
|
| 650 |
0 |
7 |
|a mládež
|2 SNKPH
|9 1575
|
| 650 |
0 |
7 |
|a stredné odborné učilištia
|2 SNKPH
|9 30904
|
| 650 |
0 |
7 |
|a vzdelávanie
|2 SNKPH
|9 4033
|
| 773 |
0 |
|
|t Rodina a škola
|g Roč. 24, č. 8 (1977), s. 18-20
|
| 850 |
|
|
|a Slovenská národná knižnica
|
| 852 |
|
|
|a Slovenská národná knižnica
|
| 954 |
|
|
|a odborná, vedecká literatúra pôvodná (slovenská)
|2 lita
|
| 958 |
|
|
|a article3
|
| 958 |
|
|
|a OND
|
| 958 |
|
|
|a EUIPO
|
| 999 |
|
|
|c 3108465
|d 3110395
|